Athlètes Mondiaux par Images (Athlétisme) #2 - Statistiques

Statistiques générales
  • Ce quiz a été pris 48 fois
  • Le résultat moyen est 10 sur 20
Statistiques - réponses
Par images Hint Réponse % Correct
Suède Armand Duplantis
100%
France Kevin Mayer
97%
Botswana Letsile Tebogo
77%
Italie Marcell Jacobs
74%
France Yohann Diniz
72%
Royaume Uni Mohamed Farah
67%
Norvège Karsten Warholm
62%
Pays Bas Sifan Hassan
62%
États Unis Sydney McLaughlin Levrone
62%
Italie Gianmarco Tamberi
59%
États Unis Grant Holloway
54%
États Unis Allyson Felix
49%
Jamaïque Elaine Thompson Herah
46%
Kenya Beatrice Chebet
28%
États Unis Tommie Smith
26%
États Unis Hunter Woodhall
21%
Bahreïn Winfred Yavi
18%
Pologne Anita Włodarczyk
13%
Finlande Paavo Nurmi
10%
Cuba Omara Durand Elias
3%
Aucun quiz correspondant
Distribution des résultats
% des personnes avec chaque résultat
Percentile par nombre de réponses
Votre historique - résultats
Vous n’avez pas pris ce quiz